Metals properties / (Record no. 16038)
[ view plain ]
| 000 -LEADER | |
|---|---|
| fixed length control field | 00894nam a2200265 a 4500 |
| 001 - CONTROL NUMBER | |
| control field | 16038 |
| 003 - CONTROL NUMBER IDENTIFIER | |
| rucl marc code | BD-RjUL |
| 005 - DATE AND TIME OF LATEST TRANSACTION | |
| control field | 20211208235934.0 |
| 008 - FIXED-LENGTH DATA ELEMENTS--GENERAL INFORMATION | |
| fixed length control field | 140211s1954 nyu 001 0 eng d |
| 035 ## - SYSTEM CONTROL NUMBER | |
| System control number | (BD-RjUL)16093 |
| 040 ## - CATALOGING SOURCE | |
| Original cataloging agency | ANL |
| Language of cataloging | eng |
| Transcribing agency | ANL |
| Modifying agency | BD-RjUL |
| 041 ## - LANGUAGE CODE | |
| Language code of text/sound track or separate title | eng |
| 082 00 - DEWEY DECIMAL CLASSIFICATION NUMBER | |
| Classification number | 669 |
| Author mark and year | MET 1954 |
| Edition number | 23 |
| 245 00 - TITLE STATEMENT | |
| Title | Metals properties / |
| Statement of responsibility, etc. | Samuel L. Hoyt. |
| 250 ## - EDITION STATEMENT | |
| Edition statement | 1st.ed. |
| 260 ## - PUBLICATION, DISTRIBUTION, ETC. (IMPRINT) | |
| Place of publication, distribution, etc. | New York : |
| Name of publisher, distributor, etc. | McGraw-Hill, |
| Date of publication, distribution, etc. | c1954. |
| 300 ## - PHYSICAL DESCRIPTION | |
| Pagination | x, 433 p. : |
| Illustrations | illus. ; |
| Size | 25 cm. |
| 500 ## - GENERAL NOTE | |
| General note | Includes "engineering data on metallurgical, physical, fabrication, and mechanical properties of typical metals."--Pref. |
| 650 #0 - SUBJECT ADDED ENTRY--TOPICAL TERM | |
| Topical term or geographic name as entry element | Metals. |
| 9 (RLIN) | 49657 |
| Topical term or geographic name as entry element | Machine design. |
| 9 (RLIN) | 40060 |
| 700 1# - ADDED ENTRY--PERSONAL NAME | |
| Personal name | Hoyt, Samuel L. |
| Fuller form of name | (Samuel Leslie), |
| Dates associated with a name | 1888- |
| 710 2# - ADDED ENTRY--CORPORATE NAME | |
| Corporate name or jurisdiction name as entry element | American Society of Mechanical Engineers. |
| Title of a work | ASME handbook. |
| 9 (RLIN) | 49659 |
| 942 ## - ADDED ENTRY ELEMENTS (KOHA) | |
| Source of classification or shelving scheme | Dewey Decimal Classification |
| Koha item type | Books |
| Lost status | Source of classification or shelving scheme | Damaged status | Not for loan | Collection code | Permanent Location | Current Location | Shelving location | Date acquired | Source of acquisition | Total Checkouts | Full call number | Date last seen | Copy number | Koha item type | Cost, normal purchase price |
|---|---|---|---|---|---|---|---|---|---|---|---|---|---|---|---|
| Dewey Decimal Classification | Non-fiction | Central Library, University of Rajshahi | Central Library, University of Rajshahi | 17/11/1973 | U.S. Govt. | 669 MET 1954 | 11/02/2014 | C-9 | Books | ||||||
| Dewey Decimal Classification | Non-fiction | Central Library, University of Rajshahi | Central Library, University of Rajshahi | 17/11/1973 | U.S govt gift | 669 MET 1954 | 16/02/2014 | C-8 | Books | 0.00 | |||||
| Dewey Decimal Classification | Non-fiction | Central Library, University of Rajshahi | Central Library, University of Rajshahi | 17/11/1973 | U.S. Govt | 669 MET 1954 | 18/11/2019 | C-10 | Books | ||||||
| Dewey Decimal Classification | Non-fiction | Central Library, University of Rajshahi | Central Library, University of Rajshahi | 17/11/1973 | U.S. Govt | 669 MET 1954 | 18/11/2019 | C-1 | Books | ||||||
| Dewey Decimal Classification | Non-fiction | Central Library, University of Rajshahi | Central Library, University of Rajshahi | 17/11/1973 | U.S. Govt | 669 MET 1954 | 18/11/2019 | C-2 | Books | ||||||
| Dewey Decimal Classification | Non-fiction | Central Library, University of Rajshahi | Central Library, University of Rajshahi | 17/11/1973 | U.S. Govt | 669 MET 1954 | 18/11/2019 | C-3 | Books | ||||||
| Dewey Decimal Classification | Non-fiction | Central Library, University of Rajshahi | Central Library, University of Rajshahi | 17/11/1973 | U.S. Govt | 669 MET 1954 | 18/11/2019 | C-4 | Books | ||||||
| Dewey Decimal Classification | Non-fiction | Central Library, University of Rajshahi | Central Library, University of Rajshahi | 17/11/1973 | U.S. Govt | 669 MET 1954 | 18/11/2019 | C-5 | Books | ||||||
| Dewey Decimal Classification | Non-fiction | Central Library, University of Rajshahi | Central Library, University of Rajshahi | 17/11/1973 | U.S. Govt | 669 MET 1954 | 18/11/2019 | C-6 | Books | ||||||
| Dewey Decimal Classification | Non-fiction | Central Library, University of Rajshahi | Central Library, University of Rajshahi | 17/11/1973 | U.S. Govt | 669 MET 1954 | 18/11/2019 | C-7 | Books |